000
00299nam a22001337a 4500
008
170315b xxu||||| |||| 00| 0 eng d
020
_a
9788184731835
041
_a
eng
080
_2
6 ed
_a
611
100
_a
7
101
_a
SHM
245
_a
CLINICALLY ORIENTED ANATOMY
_c
MOORE.K.L
942
_2
udc
_c
BK
999
_c
7884
_d
7884